Statistics for nsd 2019 releases

Click here to take the quiz!

General Stats

  • This quiz has been taken 3 times
  • The average score is 53 of 114

Answer Stats

HintAnswer% Correct
Under Water VIPAdair
100%
Labyrinth / Tripolar Dub / Friction /Duel / Muerte / B.I.D / TheAkeos
100%
Don't Try Me / Decimation Station / Spooky Legs / Booty Bass / Bone Saw / Spooky Legs VIPDecimate
100%
Hive Bounce / Nice One / Fuck Quiet Carriages / Make Death
Leotrix
100%
Beauty & The Grim / Over Those / Collider / Legacy / Brooding Murder / Bar Brawl / Forgetting About You / Fill In The Blanks / Inhabited / Youth In Asia VIPDr. Ozi
100%
Dead Zone / MoshGvng / The Beast (Remix) / Dreams & Nightmares VIPECRAZE
100%
Dirty Laundry / Lettuce / Hysteria / Stressplate / Flood / Cabbage / Revival (Remix) / Partial / Cabbage VIPEffin
100%
Bloodlust VIPEptic
100%
Evolution / Upside Down / Smashing / Rise Of The Machines / The Awakening / Colossus / Surrounded By Fire / From The Depths / Dreams & Nightmares VIPGraphyt
100%
DuelJub
100%
Firewall / Seething / Take It All / Last Man Standing / Movement / Overdrive (Remix) / Broken / Revival (Remix) / Skullcrack / Rapture VIP / Extraterrestrial VIP / PurgeKompany
100%
Casket VIPMARAUDA
100%
Mutant / Escape / Sugar Rush / Distractions / Telekinesis / Breakdown / Zoom (Remix) / Born To Survive (Remix) / Escape VIPMoore Kismet
100%
BLISS 2K / Revival / CHAOS / EPIPHANY RUSH / MISERY SYSTEM / FUNERAL ZONE / I DONT WANT 2 LIVE VIPMUST DIE!
100%
The Beast (Remix) / Blind / The Devil / The Star / The Hierophant / Clean Up / The Tower / The Devil VIPOddprophet
100%
Purpose / Warp Zone / Origin / Get Up / Born To Survive (Remix)Ray Volpe
100%
Kaiju (Remix)Rickyxsan
100%
Phone Tap / Vaultage 002 / D.A.WSpace Laces
100%
Deadman / Blackout / BlindVulgatron
100%
Born To Survive / The Beast / Lone Wolf / Revival / End Game / ArchangelZomboy
100%
Snappyfangles / Pinky / Se7en / Sexy Bitch / Self Destruct / Thot Eliminated VIPAweminus
67%
Blackout / PurgeBadKlaat
67%
Doom / Mega Punch / Crusher / Comply / Turn It Up / Break This Down / Mega Punch VIPCalcium
67%
Run (Remix)Chime
67%
Warp ZoneControl Freak
67%
Cyberpunk / Zap / Malware VIP / Moon Ship / Assimilate / Boss Fight / Doom Tomb / Invasion Of Chaos / BreachCromatik
67%
Platinum VIPDion Timmer
67%
Torque (Remix)Gammer
67%
Reditus / Ad Vitam / Spacium / Inflamed / Lazergame / B.I.DGanon
67%
Mechacoil / Puncture / Paroxysm / Ion PulseKleavr x Tantrum
67%
Zoom (Remix) / Grill Kill / No GamesK-NINE
67%
Crown / Bamboozle / Deadman (Remix) / Zoom (Remix) / Fxck Around VIPKrimer
67%
Trouble / Step Four / High From It VIP / TWITCH VIPLAXX
67%
Zoom (Remix) / Fate / Delta / One With Death / Essence / Unstabilized / Pop The Trunk / Stab City / Fate VIPL.U.X
67%
A1 / Dolphin Flex / Cake Batter / The HuntMegalodon
67%
Age Of Mutants / Assimilate / Outworld / Supreme Symbiote VIP / Brain Sludge VIPMidnight Tyrannosaurus
67%
SIXTYSIXTY / Squeeky Clean / ANTI-ACID / Jimmytics / SIXTYSIXTY VIPMoody Good
67%
Dryest Boy / Puppets / The / FisticuffsNeonix
67%
Lone Wolf (Remix)Oliverse
67%
Cheeseburger (Remix) / Vaultage 002 / Sick FuckPhiso
67%
Born To Surviverx Soul
67%
Face Slam / The UnburntSoltan
67%
Zoom / Blood Of The Weak / Oh My! VIPSpag Heddy
67%
Choppaz (Remix)SVDDEN DEATH
67%
Knockout / Walloped / Coming At Ya / Ceremony / Don't Stop / Bring It / Time To RageTrampa
67%
End Game (Remix) / Extraterrestrial VIPTYNAN
67%
Born To Survive (Remix)Wooli
67%
Ignition / Go Stoopid / Fuego / Frog RiddemXAEBOR
67%
Dirty Dogs / Turnips / Assimilate (Remix)YAKZ
67%
Cumquat / Pop The TrunkAlgo
33%
PurposeArmanni Reign
33%
FuegoARTIX!
33%
Gravedigger / Bludgeoned / Pick It Up / Corpse CollectorBloodThinnerz
33%
LemmingsBukez Finezt
33%
Rhythmic PulseBVSSIC
33%
Throne / Grill KillCarbin
33%
BLTChibs
33%
Dirty DogsCodd Dubz
33%
Blue BomberDack Janiels
33%
Control / Wrong Number / Scanner / Fry / Animal Mask VIPDigitist
33%
TurnipsDisconnect Music
33%
Gypsy / Modern Hieroglyphics / Legacy / Danger! / Whiplash
NAZAAR
33%
Blood Of The Weak / Necronomicon / Space Goats / Dead Inside / Blue BomberDubloadz
33%
Turn It UpFlix
33%
Nightrider / Shinobi / Revival (Remix)Gladez
33%
Wraith / Doom / Get Loose / Excommunicado / Bands / Sync ModeHekler
33%
Pressure / Reefed / Off Da Chain / Flatline / Squeeky CleanHydraulix
33%
Game Over / Hustlers / Power / Riddim Killa / Next Level VIP / Dirty DogsIVORY
33%
AlmawtJiqui
33%
Broadcast / Broadcast VIPJkyl & Hyde
33%
Communication / The Mothership / Game Over / Exit / Super / Scarecrow / Exit VIPKILL FEED
33%
Make DeathLanki
33%
DeadmanMark The Beast
33%
HeadshotMIINOS
33%
FisticuffsMoley
33%
HeadshotMonxx
33%
DeadmanNitepunk
33%
The Beast (Remix)PhaseOne
33%
Gurgle / Madhouse / Outbreak / Unknown Warrior / Straight From The UndergroundPonicz
33%
Neptune LandingRawtee
33%
Game Over / Hustlers / Power / Riddim Killa / Dead Zone / MoshGvng / Nightmare / NOVISV / Last Man Standing / WhoompSampliFire
33%
SnappyfanglesSpass
33%
ShiftSTUCA
33%
BraindrillSVGMAZE
33%
End Game (Remix)TC
33%
Lone Wolf (Remix)Tony Romera
33%
Bludgeoned / InhabitedTrilla
33%
Contrast / Zoom (Remix) / Gatekeeper / Give You Everything / Firelight / Almawt / Clean UpTRVCY
33%
Last Man Standing / WarningVirus Syndicate
33%
The HuntWhales
33%
WraithYOOKiE
33%
WarningAntiserum
0%
Vaultage 002AVIDD
0%
FiyahBailo
0%
High From It VIPBelle Humble
0%
Quality Control / Don't Try Me / Played Out / Rock N YoiBlankface
0%
Rock N YoiDabow
0%
WarningDefinitive
0%
Brokenfknsyd
0%
Vaultage 002Garbage Day
0%
BreakdownHollimon
0%
Take It AllKarra
0%
Off Da ChainKrischvn
0%
Pressure / Bring ItMACTurnUP
0%
PressureMayhem
0%
LegacyNJ
0%
CeremonyRico Act
0%
Get LooseSam King
0%
Invasion / Colossal / Trespass / Contrast / MutantSHARPS
0%
BrokenSLANDER
0%
Breakdownsnowcloak
0%
Access DeniedSubfiltronik
0%
ColossalTiigers
0%
TrespassTryple
0%

Score Distribution

Percentile by Number Answered

Percent of People with Each Score

Your Score History

You have not taken this quiz